header

Journey's beginning (Record no. 64478)

MARC details
000 -LEADER
fixed length control field 01167nam a2200289Ia 4500
245 00 - TITLE STATEMENT
Title Journey's beginning
260 ## - PUBLICATION, DISTRIBUTION, ETC. (IMPRINT)
Place of publication Bristol, UK ;
-- Portland, OR :
Name of publisher Intellect,
Year of publication c2004.
300 ## - PHYSICAL DESCRIPTION
Number of Pages v, 82 p.
650 #0 - SUBJECT ADDED ENTRY--TOPICAL TERM
Topical Term Theater
Topical Term Theaters
700 1# - ADDED ENTRY--PERSONAL NAME
Personal name Brown, Ian,
856 40 - ELECTRONIC LOCATION AND ACCESS
Uniform Resource Identifier http://site.ebrary.com/lib/rucke/Doc?id=10053632

No items available.

© 2026 Rongo University
Contact us: librarian | system librarian | Rongo university